[Event "Titled Tuesday intern op 30th Apr Late"]
[Site "Chess.com INT"]
[Date "2024.04.30"]
[Round "2"]
[White "Passen, Brett"]
[Black "Seletsky, Grigory"]
[Result "0-1"]
[WhiteElo "1917"]
[BlackElo "2214"]
[PlyCount "112"]
[EventDate "2024.04.30"]
[EventType "swiss (blitz)"]
[EventRounds "11"]
[EventCountry "USA"]
[SourceTitle "EXT 2025"]
[Source "ChessBase"]
[SourceDate "2024.10.14"]
[SourceVersion "1"]
[SourceVersionDate "2024.10.14"]
[SourceQuality "1"]

1. d4 Nf6 2. Bg5 d5 3. Nd2 e6 4. e3 Be7 5. Bd3 c5 6. c3 0-0 7. f4 b6 8. Ngf3 Ba6 9. Bxa6 Nxa6 10. Qe2 Nb8 11. Ne5 Nfd7 12. Bxe7 Qxe7 13. 0-0 Nxe5 14. fxe5 Nd7 15. Qg4 f6 16. exf6 Nxf6 17. Qh4 Rae8 18. Nf3 Nd7 19. Qg3 e5 20. Nh4 Qe6 21. h3 a5 22. Qg5 g6 23. a4 c4 24. Nf3 e4 25. Nh2 Rf5 26. Qg3 Ref8 27. Rxf5 Rxf5 28. Ng4 Kg7 29. Qc7 Rf7 30. Rf1 Rxf1+ 31. Kxf1 Qf7+ 32. Kg1 h5 33. Nh2 Qe6 34. g4 h4 35. Kg2 g5 36. Qd8 Kg6 37. Nf1 Nf6 38. Nd2 Qc6 39. Nf1 Qxa4 40. Qxb6 Qc2+ 41. Kg1 a4 42. Qb4 Qb3 43. Qxb3 cxb3 44. Nd2 Kf7 45. Kf2 Ke6 46. Ke2 Kd6 47. Kd1 Kc6 48. Kc1 Kb5 49. Kb1 Ne8 50. Kc1 Nd6 51. Kb1 Nc4 52. Kc1 Nxd2 53. Kxd2 Kc4 54. Kc1 Kd3 55. Kb1 Kxe3 56. c4 Kxd4 0-1

[Event "Titled Tuesday intern op 30th Apr Late"]
[Site "Chess.com INT"]
[Date "2024.04.30"]
[Round "6"]
[White "Seletsky, Grigory"]
[Black "Gerbelli Neto, Eduardo"]
[Result "1-0"]
[WhiteElo "2214"]
[BlackElo "2114"]
[PlyCount "65"]
[EventDate "2024.04.30"]
[EventType "swiss (blitz)"]
[EventRounds "11"]
[EventCountry "USA"]
[SourceTitle "EXT 2025"]
[Source "ChessBase"]
[SourceDate "2024.10.14"]
[SourceVersion "1"]
[SourceVersionDate "2024.10.14"]
[SourceQuality "1"]

1. e4 e5 2. Nf3 Nc6 3. Bc4 Nf6 4. d3 Bc5 5. c3 d6 6. a4 a5 7. Bg5 h6 8. Bh4 Be6 9. Bxe6 fxe6 10. Qb3 Qd7 11. Nbd2 0-0 12. 0-0 g5 13. Bg3 Nh5 14. Nc4 Nf4 15. Bxf4 gxf4 16. Rad1 Kh8 17. d4 exd4 18. cxd4 Bb4 19. d5 exd5 20. Rxd5 Qg7 21. Kh1 Rg8 22. g3 Rae8 23. Qd3 Bc5 24. Rh5 fxg3 25. fxg3 Nb4 26. Qd2 Re6 27. Ng5 Rg6 28. Rf7 Rf8 29. Rxg7 Rf1+ 30. Kg2 Rg1+ 31. Kh3 Kxg7 32. Nf3 Rf1 33. Nh4 1-0